000 00533pab a2200169 454500
008 180718b2004 xxu||||| |||| 00| 0 eng d
100 _aPochanna, K.
245 _aA study on growth and instability of crop production in Andhra Pradesh: a district level analysis from 1971-2001
260 _c2004
300 _ap.9-35.
362 _aJan-Jun
650 _aCrops - India - Andhra Pradesh
650 _aAgricultural production - India - Andhras Pradesh
650 _aAgricultural production
773 _aAnvesak
909 _a62005
999 _c62005
_d62005